Statistiques concernant Mots en Z par définition

Cliquez ici pour prendre le quiz!

Statistiques générales

  • Ce quiz a été pris 191 fois
  • Le résultat moyen est 11 sur 17

Statistiques - réponses

GenreDéfinitionMot% Correct
Nom MasculinMammifère équidé à robe rayée, voisin du cheval.Zèbre
99%
Nom FémininÉtude scientifique des animaux.Zoologie
97%
Nom MasculinFamilier. Dans le langage enfantin, sexe, en particulier celui des garçons.Zizi
95%
Nom FémininMéthode de fitness inspirée de différentes danses latino-américaines.Zumba
90%
Nom MasculinMammifère ruminant domestique (bovidé) propre à l'Asie, à l'Afrique tropicale et à Madagascar, et caractérisé par une gibbosité musculaire sur les épaules et par ses cornes souvent très grandes.Zébu
84%
Nom MasculinPratique du téléspectateur qui change fréquemment de chaîne à l'aide de sa télécommande.Zapping
77%
Nom FémininÉtendue de terrain, espace d'une région, d'une ville, d'un pays, etc., définis par certaines caractéristiques.Zone
76%
Nom MasculinArdeur, empressement au service de quelqu'un, d'une idée ; vive application à très bien faire son travail.Zèle
73%
Nom MasculinDirigeable rigide, construit par les Allemands de 1900 à 1930.Zeppelin
68%
Nom FémininDésunion, mésintelligence qu'on fait naître dans un groupe.Zizanie
68%
Nom MasculinDanse d'origine antillaise née au début des années 1980, très rythmée, exécutée en couple, les partenaires se tenant serrés l'un contre l'autre en ondulant des hanches.Zouk
58%
Nom MasculinImportante école bouddhiste introduite au Japon à partir de la Chine au xiie s. par Eisai (école Rinzai) et au xiiie s. par Shoyo Daishi (école Zazen).Zen
55%
Nom MasculinGemme naturelle transparente, constituée par du silicate de zirconium, jaune, verte, brune, rouge-orange ou incolore, ou bleu-vert.Zircon
47%
Nom MasculinArgot. Vent.Zef
45%
Nom MasculinTrouble de l'articulation qui consiste à prononcer « ze » à la place de « je » ou de « ce ».Zézaiement
36%
Nom MasculinCoordination de deux ou plusieurs éléments qui ne sont pas sur le même plan syntaxique ou sémantique. (Par exemple Vêtue de probité candide et de lin blanc [Hugo].Zeugma
14%
Nom FémininMammifère carnivore d'Afrique, proche de la belette, à la robe noire marquée de bandes longitudinales claires, et très malodorant, d'où son autre nom de « moufette africaine ».Zorille
8%

Distribution des résultats

Percentile par nombre de réponses

% des personnes avec chaque résultat

Votre développement - résultats

Vous n’avez pas pris ce quiz